Применение геофизических методов при поисках россыпных месторождений; Практическое применение геофизических методов разведки

Bibliografske podrobnosti
Parent link:Практическое применение геофизических методов разведки.— 1966.— С. 112-116
Glavni avtor: Защинский Л. А.
Drugi avtorji: Бекбулатов Н. М.
Jezik:ruščina
Izdano: 1966
Teme:
Format: MixedMaterials Book Chapter
KOHA link:https://koha.lib.tpu.ru/cgi-bin/koha/opac-detail.pl?biblionumber=175411

MARC

LEADER 00000naa2a2200000 4500
001 175411
005 20231031165100.0
035 |a (RuTPU)RU\TPU\book\190197 
035 |a RU\TPU\tpu\2188 
090 |a 175411 
100 |a 20100212d1966 k y0rusy50 ca 
101 0 |a rus 
102 |a RU 
200 1 |a Применение геофизических методов при поисках россыпных месторождений  |f Л. А. Защинский, Н. М. Бекбулатов 
463 0 |0 (RuTPU)RU\TPU\book\34942  |t Практическое применение геофизических методов разведки  |o сборник  |f под ред. Д. С. Микова  |v С. 112-116  |d 1966  |p 233 с. 
610 1 |a геолого-географические науки 
610 1 |a труды учёных ТПУ 
700 1 |a Защинский  |b Л. А. 
701 1 |a Бекбулатов  |b Н. М. 
801 0 |a RU  |b 63413507  |c 20011210  |g PSBO 
801 2 |a RU  |b 63413507  |c 20100212  |g PSBO 
942 |c BK